El césped; en jardines, parques y campos de deportes; siembra, cuidados /
Guardado en:
| Autor Principal: | |
|---|---|
| Formato: | Libro |
| Publicado: |
Buenos Aires :
Albatros,
1974
|
| Materias: | |
| Etiquetas: |
Agregar Etiqueta
Sin Etiquetas, Sea el primero en etiquetar este registro!
|
| LEADER | 00542nam a22001815a 4500 | ||
|---|---|---|---|
| 001 | CEM.cems016182 | ||
| 005 | 20100316170522.0 | ||
| 008 | 130507s1974##################000#0#####d | ||
| 003 | CEMS | ||
| 082 | 0 | 4 | |a 635.9 |
| 100 | 1 | |a Tiscornia, Julio R | |
| 245 | 1 | 0 | |a El césped; en jardines, parques y campos de deportes; siembra, cuidados / |c Julio R Tiscornia, |
| 260 | |a Buenos Aires : |b Albatros, |c 1974 | ||
| 300 | |a 123 p. | ||
| 653 | |a Agricultura | ||
| 653 | |a Cesped | ||
| 653 | |a Jardin | ||
| 859 | |a CEMS |b BIB. CEMS - Agricultura |h 635.9 |i T524 |p A11503.82 |t Ej.1 | ||
